[Event "2nd Serbia Open Masters 2022"]
[Site "Novi Sad"]
[Date "2022.07.04"]
[Round "7.10"]
[White "Sanal, Vahap"]
[Black "Kushagra Mohan"]
[Result "1/2-1/2"]
[WhiteElo "2575"]
[BlackElo "2343"]
[Annotator "TA"]
[PlyCount "157"]
[EventDate "2022.06.28"]
[EventType "swiss"]
[EventCountry "SRB"]
[SourceTitle "playchess.com"]
[Source "ChessBase"]
[SourceQuality "1"]

1. e4 c6 2. d4 d5 3. exd5 cxd5 4. Bd3 Nc6 5. c3 Qc7 6. h3 g6 7. Nf3 Bf5 8. Be2 Nf6 9. O-O Bg7 10. Re1 O-O 11. Na3 Rad8 12. Nc2 Ne4 13. Bd3 e5 14. dxe5 Nxe5 15. Nxe5 Bxe5 16. Be3 Bh2+ 17. Kh1 Bf4 18. Qf3 Bxe3 19. Rxe3 Nd2 20. Qe2 Bxd3 21. Rxd3 Nc4 22. Nb4 Rfe8 23. Qc2 Re5 24. Rdd1 Qe7 25. Qc1 Re2 26. b3 Nb6 27. Nd3 Rc8 28. Rd2 Re6 29. Rc2 Qf6 30. Qd2 Rce8 31. Rac1 Qf5 32. Rd1 Re4 33. Nc5 R4e7 34. Nd3 Re4 35. Rb2 Nd7 36. Nb4 Nf6 37. Nxd5 Nxd5 38. Qxd5 Re1+ 39. Kh2 Rxd1 40. Qxd1 Qe5+ 41. g3 Qxc3 42. Rc2 Qe5 43. Qd7 Qe7 44. Qa4 a6 45. Qf4 Qe4 46. Rc8 Qe6 47. Rc3 h5 48. h4 Qd5 49. Qf6 Qe5 50. Qf3 Qe2 51. Kg2 Qxf3+ 52. Kxf3 Re7 53. Re3 Rc7 54. a4 Kg7 55. Rd3 Kf6 56. Rd6+ Ke5 57. Rb6 Kf5 58. b4 f6 59. a5 g5 60. Kg2 gxh4 61. gxh4 Kg4 62. Rxf6 Kxh4 63. Rg6 Rc4 64. Rb6 Rc7 65. Rg6 Rc4 66. Rb6 Rc7 67. Kf3 Kg5 68. b5 axb5 69. Rxb5+ Kg6 70. Ke4 Re7+ 71. Kf4 Rf7+ 72. Kg3 Rf5 73. Rb6+ Kg5 74. f4+ Rxf4 75. Rxb7 h4+ 76. Kg2 Ra4 77. Rg7+ Kf4 78. Kh3 Rxa5 79. Kxh4 1/2-1/2

[Event "2nd Serbia Open Masters 2022"]
[Site "Novi Sad"]
[Date "2022.07.04"]
[Round "7.11"]
[White "Sturt, Raven"]
[Black "Budisavljevic, Luka"]
[Result "1/2-1/2"]
[WhiteElo "2438"]
[BlackElo "2507"]
[Annotator "TA"]
[PlyCount "137"]
[EventDate "2022.06.28"]
[EventType "swiss"]
[EventCountry "SRB"]
[SourceTitle "playchess.com"]
[Source "ChessBase"]
[SourceQuality "1"]

1. d4 Nf6 2. c4 e6 3. Nf3 d5 4. Nc3 c5 5. cxd5 cxd4 6. Qxd4 exd5 7. e4 dxe4 8. Qxd8+ Kxd8 9. Ng5 Be6 10. Nxe6+ fxe6 11. Bg5 Nc6 12. O-O-O+ Ke8 13. Kb1 Bb4 14. Bxf6 gxf6 15. Nxe4 Ke7 16. a3 Ba5 17. Nc5 Rhd8 18. Bc4 Rxd1+ 19. Rxd1 Rd8 20. Rc1 Bb6 21. Nxe6 Rd2 22. Nf4 Rxf2 23. Nd5+ Kd6 24. Nxb6 axb6 25. Rd1+ Kc7 26. Bd5 b5 27. Ka2 Ne5 28. Rd4 Kb6 29. Kb3 Kc5 30. Kc3 Rxb2 31. Rh4 Re2 32. Re4 Rf2 33. Bxb7 Nc4 34. Re6 Na5 35. Be4 Ra2 36. Kd3 Rxa3+ 37. Ke2 Ra2+ 38. Kf3 Nc4 39. Bxh7 Ne5+ 40. Kg3 Ra7 41. Bf5 Ra3+ 42. Kf4 Nd3+ 43. Kg4 Ne5+ 44. Kh4 b4 45. Rxf6 b3 46. Rf8 Ra4+ 47. Kg5 Ra2 48. Kf6 Nc6 49. g4 Rxh2 50. Re8 b2 51. Re1 Rf2 52. Kg6 Nd4 53. Bb1 Rg2 54. Kh5 Nf3 55. Rd1 Kc4 56. Be4 Rh2+ 57. Kg6 Nd2 58. Bf5 Kc3 59. g5 Rf2 60. Bb1 Nf3 61. Kf6 Nd4+ 62. Ke7 Nf5+ 63. Bxf5 Rxf5 64. g6 Kc2 65. Rh1 b1=Q 66. Rxb1 Kxb1 67. g7 Rg5 68. Kf7 Rxg7+ 69. Kxg7 1/2-1/2

[Event "2nd Serbia Open Masters 2022"]
[Site "Novi Sad"]
[Date "2022.07.04"]
[Round "7.12"]
[White "Babazada, Khazar"]
[Black "Stremavicius, Titas"]
[Result "1/2-1/2"]
[WhiteElo "2431"]
[BlackElo "2508"]
[Annotator "TA"]
[PlyCount "144"]
[EventDate "2022.06.28"]
[EventType "swiss"]
[EventCountry "SRB"]
[SourceTitle "playchess.com"]
[Source "ChessBase"]
[SourceQuality "1"]

1. e4 c5 2. Nf3 Nc6 3. d4 cxd4 4. Nxd4 e5 5. Nb5 d6 6. c4 Be7 7. N1c3 a6 8. Na3 Be6 9. Bd3 Bg5 10. O-O Bxc1 11. Rxc1 Nge7 12. Qd2 Rc8 13. Nc2 O-O 14. Rfd1 Qb6 15. b3 Rfd8 16. Kh1 Nd4 17. Ne3 Qa5 18. f4 f6 19. fxe5 Qxe5 20. Qf2 Ndc6 21. Ncd5 Qg5 22. Nf4 Bd7 23. Be2 Qe5 24. Ng4 Bxg4 25. Bxg4 Rb8 26. Rd2 Re8 27. Bd7 Red8 28. Bh3 Re8 29. Rcd1 Ng6 30. Nxg6 hxg6 31. Rxd6 Qxe4 32. Bd7 Re5 33. h3 Kh7 34. Bxc6 bxc6 35. Rxf6 gxf6 36. Qa7+ Kh6 37. Qxb8 Qe2 38. Qd6 Kh5 39. Rg1 Re6 40. Qf4 Qe4 41. Qb8 a5 42. Rf1 Qe5 43. Qa7 Kh6 44. Qa8 f5 45. Qd8 Re7 46. Qd2+ Kh7 47. Rd1 Qc5 48. Qg5 Kg7 49. Qg3 Qe5 50. Qd3 Qc5 51. Qf3 Kh7 52. Qg3 Qe5 53. Qh4+ Kg7 54. Qf2 Qe2 55. Qd4+ Kh7 56. Kh2 a4 57. Rd3 Qe5+ 58. Qxe5 Rxe5 59. b4 Re4 60. Rc3 f4 61. a3 g5 62. c5 Kg6 63. Rd3 Kf5 64. Rd6 Re3 65. Rxc6 Rxa3 66. b5 Rb3 67. b6 a3 68. Rc8 Ke6 69. Ra8 Kd5 70. b7 Rxb7 71. Rxa3 Rb5 72. Rd3+ Ke4 1/2-1/2

[Event "2nd Serbia Open Masters 2022"]
[Site "Novi Sad"]
[Date "2022.07.04"]
[Round "7.13"]
[White "Aditya Mittal"]
[Black "Fataliyeva, Ulviyya"]
[Result "1-0"]
[WhiteElo "2490"]
[BlackElo "2348"]
[Annotator "TA"]
[PlyCount "109"]
[EventDate "2022.06.28"]
[EventType "swiss"]
[EventCountry "SRB"]
[SourceTitle "playchess.com"]
[Source "ChessBase"]
[SourceQuality "1"]

1. d4 d5 2. c4 c6 3. Nf3 Nf6 4. Nc3 dxc4 5. a4 Bf5 6. e3 e6 7. Bxc4 Bb4 8. O-O O-O 9. Nh4 Bg6 10. Qb3 c5 11. Nxg6 hxg6 12. Na2 a5 13. dxc5 Nc6 14. Nxb4 Nxb4 15. Rd1 Qc7 16. Bd2 Qxc5 17. Rac1 Qf5 18. f3 Qe5 19. e4 g5 20. Qc3 Qxc3 21. bxc3 Na6 22. Bxg5 Rfc8 23. Bb5 Nc5 24. c4 Ne8 25. Be7 Rc7 26. Bd8 Rcc8 27. Bb6 Kf8 28. Rb1 Nf6 29. e5 Nh5 30. Rd4 g5 31. g3 f6 32. Re1 f5 33. h4 g4 34. Kg2 gxf3+ 35. Kxf3 Kg7 36. Rd6 Ne4 37. Rd7+ Kh8 38. g4 Ng7 39. gxf5 Nc3 40. f6 Nf5 41. c5 Nxb5 42. axb5 a4 43. Rxb7 Nd4+ 44. Ke4 Nxb5 45. Kd3 a3 46. Kc4 a2 47. Ra1 Na3+ 48. Kb3 Rg8 49. Rg7 Nb5 50. Rxa2 Nd4+ 51. Kb2 Nc6 52. Rxa8 Rxa8 53. Rg5 Kh7 54. Bc7 Ra4 55. Bd6 1-0

[Event "2nd Serbia Open Masters 2022"]
[Site "Novi Sad"]
[Date "2022.07.04"]
[Round "7.14"]
[White "Koustav Chatterjee"]
[Black "Injac, Teodora"]
[Result "1/2-1/2"]
[WhiteElo "2485"]
[BlackElo "2384"]
[Annotator "TA"]
[PlyCount "147"]
[EventDate "2022.06.28"]
[EventType "swiss"]
[EventCountry "SRB"]
[SourceTitle "playchess.com"]
[Source "ChessBase"]
[SourceQuality "1"]

1. c4 e5 2. Nc3 Bb4 3. Nd5 a5 4. a3 Bc5 5. Nf3 d6 6. e3 c6 7. d4 Ba7 8. Nc3 Nd7 9. Be2 Ngf6 10. b4 O-O 11. Bb2 Re8 12. d5 cxd5 13. cxd5 Nb6 14. bxa5 Nbd7 15. Nd2 e4 16. a4 Nc5 17. Nc4 Bg4 18. O-O Bxe2 19. Qxe2 Nb3 20. Rab1 Nxa5 21. Nxa5 Qxa5 22. Nb5 Bc5 23. Bxf6 gxf6 24. Qg4+ Kh8 25. Qd7 Qd8 26. Qxf7 Qe7 27. Qxe7 Rxe7 28. Ra1 f5 29. g3 Kg7 30. Rfd1 Ra5 31. Nc3 Kf6 32. Rab1 b6 33. Rb5 Ra8 34. Kg2 Ke5 35. Kh3 Rg7 36. Rdb1 Ra6 37. Ra1 Ra8 38. Rab1 Ra6 39. Kh4 Rg6 40. Kh5 Kf6 41. a5 Rg5+ 42. Kh4 Rg4+ 43. Kh3 Rxa5 44. Rxb6 Bxb6 45. Rxb6 Rg6 46. Kg2 Rc5 47. Ne2 Rxd5 48. Nf4 Rd1 49. Rb7 Rg8 50. Rxh7 Ra8 51. Rh6+ Kg7 52. Rg6+ Kf7 53. Rg5 Kf6 54. Rg6+ Kf7 55. Rh6 Kg7 56. Rh5 Kf6 57. Kh3 Ra2 58. Kh4 Rxf2 59. Rh6+ Ke7 60. Kg5 Rh1 61. h4 Rf3 62. Kxf5 Rxg3 63. Rh7+ Kd8 64. Kxe4 Re1 65. Nd5 Rh3 66. h5 Ke8 67. Kf4 Kf8 68. Rh6 Kg7 69. Rg6+ Kf7 70. Rg5 Reh1 71. Rf5+ Kg7 72. Rg5+ Kf7 73. Rf5+ Kg7 74. Rg5+ 1/2-1/2

[Event "2nd Serbia Open Masters 2022"]
[Site "Novi Sad"]
[Date "2022.07.04"]
[Round "7.15"]
[White "Predke, Alexandr"]
[Black "Spyropoulos, Nikolaos"]
[Result "1/2-1/2"]
[WhiteElo "2688"]
[BlackElo "2445"]
[Annotator "TA"]
[PlyCount "119"]
[EventDate "2022.06.28"]
[EventType "swiss"]
[EventCountry "SRB"]
[SourceTitle "playchess.com"]
[Source "ChessBase"]
[SourceQuality "1"]

1. d4 Nf6 2. c4 e6 3. Nf3 Bb4+ 4. Bd2 a5 5. a3 Bxd2+ 6. Qxd2 d6 7. Nc3 Nbd7 8. e4 e5 9. O-O-O exd4 10. Nxd4 O-O 11. Kb1 Re8 12. f3 Ne5 13. Be2 Nfd7 14. Nd5 c6 15. Ne3 Nb6 16. h4 Qf6 17. h5 Bd7 18. h6 g6 19. Rhf1 d5 20. cxd5 cxd5 21. exd5 g5 22. Bb5 Bxb5 23. Nxb5 Nec4 24. Nxc4 Nxc4 25. Qd4 Qg6+ 26. Ka2 Ne3 27. Nc7 Nxf1 28. Rxf1 Qxh6 29. Nxa8 Rxa8 30. Qe5 Rd8 31. Rd1 Rd6 32. Rc1 Qf6 33. Qxf6 Rxf6 34. Rc8+ Kg7 35. Kb3 Rb6+ 36. Kc3 Rb5 37. d6 Rd5 38. Rb8 Rxd6 39. Rxb7 Kg6 40. b4 axb4+ 41. axb4 h5 42. Rc7 Rd1 43. Rc6+ Kf5 44. b5 Kf4 45. Rc5 f6 46. b6 Rb1 47. Rc4+ Kg3 48. Rb4 Rc1+ 49. Kd4 Rc8 50. Rb2 f5 51. Kd5 g4 52. Ke6 gxf3 53. gxf3 h4 54. Kd7 Rh8 55. b7 h3 56. b8=Q+ Rxb8 57. Rxb8 Kxf3 58. Ke6 h2 59. Rh8 Kg2 60. Kxf5 1/2-1/2

[Event "2nd Serbia Open Masters 2022"]
[Site "Novi Sad"]
[Date "2022.07.04"]
[Round "7.16"]
[White "Jumabayev, Rinat"]
[Black "Samadov, Read"]
[Result "1/2-1/2"]
[WhiteElo "2628"]
[BlackElo "2442"]
[Annotator "TA"]
[PlyCount "153"]
[EventDate "2022.06.28"]
[EventType "swiss"]
[EventCountry "SRB"]
[SourceTitle "playchess.com"]
[Source "ChessBase"]
[SourceQuality "1"]

1. e4 c5 2. Nf3 d6 3. Bb5+ Nd7 4. Be2 Ngf6 5. Nc3 g6 6. d4 cxd4 7. Nxd4 Bg7 8. O-O O-O 9. Re1 Nc5 10. Bf3 Bd7 11. e5 dxe5 12. Rxe5 Rc8 13. Nb3 Na4 14. Nxa4 Bxa4 15. Qxd8 Rfxd8 16. c3 e6 17. Ra5 Bxb3 18. axb3 a6 19. Kf1 Rd7 20. Be3 Nd5 21. Bxd5 exd5 22. Rd1 d4 23. Bxd4 Rcd8 24. Ra4 Rd6 25. Ke2 f5 26. g3 Kf7 27. Rd2 f4 28. Rd3 b5 29. Ra1 Bxd4 30. Rxd4 Rxd4 31. cxd4 Rxd4 32. Rxa6 fxg3 33. hxg3 Rb4 34. Ra3 Ke6 35. Kd3 Kd5 36. f3 Rd4+ 37. Kc2 Kc5 38. Ra6 Rd7 39. Re6 Rf7 40. f4 Rc7 41. Re4 Kd5+ 42. Kd3 Rc1 43. Rd4+ Ke6 44. Ke4 Re1+ 45. Kf3 Rb1 46. Rb4 Rxb2 47. g4 h5 48. Kg3 hxg4 49. Rxb5 Kf6 50. Kxg4 Rg2+ 51. Kf3 Rb2 52. Ke3 Rb1 53. b4 Re1+ 54. Kd3 Rf1 55. Ke4 Re1+ 56. Kd3 Rf1 57. Rb8 Ke7 58. Ke4 Re1+ 59. Kd5 Rf1 60. b5 Rxf4 61. Kc6 Rc4+ 62. Kb7 Rb4 63. b6 Kf6 64. Kc6 Kf5 65. Ra8 Kf4 66. b7 Rxb7 67. Kxb7 g5 68. Kc6 g4 69. Kd5 g3 70. Ra4+ Kf3 71. Ra3+ Kf2 72. Ra2+ Kf3 73. Ra3+ Kf2 74. Ke4 g2 75. Ra2+ Kg1 76. Kf3 Kh1 77. Rxg2 1/2-1/2

[Event "2nd Serbia Open Masters 2022"]
[Site "Novi Sad"]
[Date "2022.07.04"]
[Round "7.17"]
[White "Kadric, Denis"]
[Black "Neelash Saha"]
[Result "0-1"]
[WhiteElo "2576"]
[BlackElo "2439"]
[Annotator "TA"]
[PlyCount "100"]
[EventDate "2022.06.28"]
[EventType "swiss"]
[EventCountry "SRB"]
[SourceTitle "playchess.com"]
[Source "ChessBase"]
[SourceQuality "1"]

1. e4 c5 2. Nc3 d6 3. f4 g6 4. Nf3 Bg7 5. Bb5+ Bd7 6. Bc4 Nc6 7. O-O e6 8. d3 Nge7 9. f5 O-O 10. Qe1 gxf5 11. Bg5 f6 12. Bf4 Ne5 13. Nxe5 dxe5 14. Be3 f4 15. Bxc5 Rf7 16. Kh1 Ng6 17. a4 Bf8 18. Bf2 Kh8 19. Ne2 Qc7 20. Bb3 Rg7 21. d4 Bc6 22. Nc3 exd4 23. Bxd4 e5 24. Bf2 Bb4 25. Nd5 Bxd5 26. Qxb4 a5 27. Qe1 Bxb3 28. cxb3 Qc2 29. b4 axb4 30. Qxb4 Nh4 31. Rac1 Qe2 32. Qc4 Qg4 33. Rg1 Nxg2 34. Rc3 Rag8 35. Qd3 Qh5 36. Qd1 Qg6 37. Qc2 Qh5 38. Qd1 Qh6 39. Qf1 Rg5 40. Qe2 Ne3 41. Bxe3 fxe3 42. Rgc1 Rg2 43. Qxg2 Rxg2 44. Kxg2 Qf4 45. Rg1 Qxe4+ 46. Kh3 Qf5+ 47. Kg2 Qe4+ 48. Kh3 h5 49. Rc8+ Kh7 50. Rcg8 e2 0-1

[Event "2nd Serbia Open Masters 2022"]
[Site "Novi Sad"]
[Date "2022.07.04"]
[Round "7.18"]
[White "Vaishali R"]
[Black "Ivanisevic, Ivan"]
[Result "1/2-1/2"]
[WhiteElo "2409"]
[BlackElo "2550"]
[Annotator "TA"]
[PlyCount "90"]
[EventDate "2022.06.28"]
[EventType "swiss"]
[EventCountry "SRB"]
[SourceTitle "playchess.com"]
[Source "ChessBase"]
[SourceQuality "1"]

1. e4 c5 2. Nf3 e6 3. d4 cxd4 4. Nxd4 Nc6 5. Nc3 d6 6. Be3 a6 7. f4 Nge7 8. Bc4 b5 9. Bb3 Nxd4 10. Qxd4 Nc6 11. Qd2 Be7 12. O-O-O O-O 13. h4 Na5 14. h5 Bb7 15. h6 g6 16. g4 Re8 17. f5 Rc8 18. fxe6 Nxb3+ 19. axb3 fxe6 20. Rhf1 Bf6 21. Qxd6 Qxd6 22. Rxd6 Be5 23. Rb6 Rc7 24. b4 Bxc3 25. bxc3 Bxe4 26. Bc5 Rf7 27. Re1 Bd5 28. Rxa6 e5 29. Rd6 Bc4 30. Kd2 Rf4 31. Rxe5 Rxe5 32. Rd8+ Kf7 33. Rf8+ Ke6 34. Rxf4 g5 35. Rf8 Re2+ 36. Kc1 Rh2 37. Re8+ Kf6 38. Rf8+ Ke6 39. Re8+ Kf6 40. Rb8 Rh1+ 41. Kd2 Ke5 42. Rf8 Rxh6 43. Rf5+ Ke4 44. Rxg5 Rg6 45. Rxg6 hxg6 1/2-1/2

[Event "2nd Serbia Open Masters 2022"]
[Site "Novi Sad"]
[Date "2022.07.04"]
[Round "7.19"]
[White "Vignesh N R"]
[Black "Perunovic, Milos"]
[Result "1/2-1/2"]
[WhiteElo "2427"]
[BlackElo "2544"]
[Annotator "TA"]
[PlyCount "43"]
[EventDate "2022.06.28"]
[EventType "swiss"]
[EventCountry "SRB"]
[SourceTitle "playchess.com"]
[Source "ChessBase"]
[SourceQuality "1"]

1. e4 c5 2. Nf3 Nc6 3. Bb5 e6 4. O-O Nge7 5. Re1 b6 6. c3 a6 7. Ba4 c4 8. Bc2 Ng6 9. b3 b5 10. a4 Bb7 11. Na3 cxb3 12. Bxb3 b4 13. Nc4 bxc3 14. a5 Qc7 15. dxc3 Bc5 16. Be3 Bxe3 17. Rxe3 O-O 18. Qd6 Qxd6 19. Nxd6 Rfb8 20. Ree1 Nce5 21. Nxe5 Nxe5 22. Ba4 1/2-1/2

[Event "2nd Serbia Open Masters 2022"]
[Site "Novi Sad"]
[Date "2022.07.04"]
[Round "7.20"]
[White "Suleymanli, Aydin"]
[Black "Kilic, Eray"]
[Result "1/2-1/2"]
[WhiteElo "2537"]
[BlackElo "2192"]
[Annotator "TA"]
[PlyCount "101"]
[EventDate "2022.06.28"]
[EventType "swiss"]
[EventCountry "SRB"]
[SourceTitle "playchess.com"]
[Source "ChessBase"]
[SourceQuality "1"]

1. d4 Nf6 2. c4 g6 3. f3 Bg7 4. e4 d6 5. Nc3 O-O 6. Nge2 a6 7. Be3 b5 8. Qd2 Nbd7 9. cxb5 axb5 10. Nxb5 c6 11. Nbc3 e5 12. Rd1 d5 13. exd5 Nxd5 14. Nxd5 cxd5 15. Nc3 Re8 16. Kf2 e4 17. Be2 Qh4+ 18. g3 Qh3 19. Bf1 Qh5 20. Bg2 Nb6 21. b3 Bh3 22. Bxh3 Qxh3 23. f4 Rec8 24. Rc1 Bf8 25. Ne2 Qg4 26. Rhf1 Bb4 27. Qxb4 Qf3+ 28. Ke1 Qxe3 29. Rc3 Rxc3 30. Qxc3 Qxc3+ 31. Nxc3 Nc8 32. Kd2 Ne7 33. a4 Rc8 34. Nb5 h5 35. Ra1 Kg7 36. Kd1 Rd8 37. Rc1 Nf5 38. a5 Ra8 39. b4 h4 40. gxh4 Ne3+ 41. Ke2 Ng2 42. Nc7 Rh8 43. a6 Nxf4+ 44. Ke3 Nd3 45. Rb1 Rxh4 46. a7 Rh3+ 47. Kd2 Rxh2+ 48. Kc3 Nf4 49. a8=Q Ne2+ 50. Kb3 Nxd4+ 51. Ka3 1/2-1/2

[Event "2nd Serbia Open Masters 2022"]
[Site "Novi Sad"]
[Date "2022.07.04"]
[Round "7.21"]
[White "Zanan, Evgeny"]
[Black "Kamalidenova, Meruert"]
[Result "1-0"]
[WhiteElo "2534"]
[BlackElo "2408"]
[Annotator "TA"]
[PlyCount "95"]
[EventDate "2022.06.28"]
[EventType "swiss"]
[EventCountry "SRB"]
[SourceTitle "playchess.com"]
[Source "ChessBase"]
[SourceQuality "1"]

1. e4 c5 2. Nf3 d6 3. d4 cxd4 4. Nxd4 Nf6 5. Nc3 a6 6. Be2 e5 7. Nb3 Be7 8. O-O O-O 9. Kh1 Nc6 10. f4 Re8 11. f5 b5 12. Bg5 Bb7 13. Bf3 Rc8 14. Be3 Na5 15. Nxa5 Qxa5 16. a3 b4 17. axb4 Qxb4 18. Ra3 Qc4 19. Ra4 Qc6 20. Qd3 Red8 21. Bg5 Rd7 22. Bxf6 Bxf6 23. Ra3 Qc5 24. Rb3 Qd4 25. Qe2 h6 26. Rd1 Qc5 27. Qd3 Rc6 28. Qf1 Bd8 29. Be2 Kf8 30. Bd3 Ba5 31. Nd5 Rc8 32. Rxb7 Rxb7 33. Bxa6 Rxb2 34. Bxc8 Qxc8 35. c3 f6 36. h3 Qb7 37. Ra1 Bb6 38. Kh2 Bc5 39. Qd1 h5 40. h4 Kg8 41. Kh3 Rf2 42. Qxh5 Rxg2 43. Ne7+ Kf8 44. Ng6+ Rxg6 45. Qh8+ Ke7 46. fxg6 Qxe4 47. Qxg7+ Kd8 48. Ra8+ 1-0

[Event "2nd Serbia Open Masters 2022"]
[Site "Novi Sad"]
[Date "2022.07.04"]
[Round "7.22"]
[White "Santiago, Yago De Moura"]
[Black "Harikrishnan.A.Ra"]
[Result "0-1"]
[WhiteElo "2498"]
[BlackElo "2396"]
[Annotator "TA"]
[PlyCount "168"]
[EventDate "2022.06.28"]
[EventType "swiss"]
[EventCountry "SRB"]
[SourceTitle "playchess.com"]
[Source "ChessBase"]
[SourceQuality "1"]

1. d4 d5 2. c4 c6 3. Nf3 Nf6 4. Nc3 e6 5. Qd3 dxc4 6. Qxc4 b5 7. Qd3 a6 8. g4 Nxg4 9. Rg1 Nf6 10. Bf4 Nbd7 11. O-O-O Bb7 12. e4 g6 13. Kb1 Nh5 14. Be3 Be7 15. Be2 O-O 16. h4 Qc7 17. Qd2 b4 18. Na4 c5 19. d5 exd5 20. exd5 Bd6 21. Ng5 Nhf6 22. h5 Bxd5 23. hxg6 hxg6 24. Qc2 Bf4 25. Ne6 Bxe6 26. Bxf4 Qb7 27. f3 Nh5 28. Bh6 Rfe8 29. Rxg6+ fxg6 30. Qxg6+ Kh8 31. Qxh5 Nf6 32. Bg7+ Kxg7 33. Rg1+ Ng4 34. Qg5+ Kf8 35. Nxc5 Qg7 36. Qf4+ Qf6 37. Nxe6+ Rxe6 38. Qxb4+ Qe7 39. Qxg4 Qh7+ 40. Bd3 Qxd3+ 41. Ka1 Qd5 42. a3 Re7 43. Qf4+ Ke8 44. Qa4+ Rd7 45. Qh4 Re7 46. Qa4+ Kf8 47. Qf4+ Rf7 48. Qb4+ Ke8 49. Rg8+ Kd7 50. Qa4+ Ke7 51. Qb4+ Kd7 52. Qa4+ Ke7 53. Qb4+ Ke6 54. Qg4+ Rf5 55. Qg6+ Rf6 56. Qg4+ Rf5 57. Qg6+ Rf6 58. Qg4+ Rf5 59. Qg6+ Rf6 60. Qg4+ Kd6 61. Qb4+ Kd7 62. Qa4+ Ke7 63. Rg7+ Kf8 64. Rd7 Qxf3 65. Qb4+ Kg8 66. Qh4 Qf1+ 67. Ka2 Qf5 68. Qc4+ Qe6 69. Rd5 Rg6 70. Ka1 Rc8 71. Qb3 Qf7 72. Ka2 Rg1 73. Rd3 Qxb3+ 74. Rxb3 Rg6 75. Rb7 Kf8 76. Rb3 Ke7 77. Rb7+ Kd6 78. Rb3 Kc7 79. Rh3 Kb7 80. Rh2 Rgc6 81. Rg2 Rc2 82. Rg7+ R8c7 83. Rg3 Ka7 84. Kb1 Re2 0-1

[Event "2nd Serbia Open Masters 2022"]
[Site "Novi Sad"]
[Date "2022.07.04"]
[Round "7.23"]
[White "Moksh Amit Doshi"]
[Black "Sadikhov, Ulvi"]
[Result "0-1"]
[WhiteElo "2398"]
[BlackElo "2491"]
[Annotator "ChessBase"]
[PlyCount "48"]
[EventDate "2022.06.28"]
[EventType "swiss"]
[EventCountry "SRB"]
[SourceTitle "playchess.com"]
[Source "ChessBase"]
[SourceQuality "1"]

1. d4 d6 2. Nf3 g6 3. c4 Bg7 4. g3 Nd7 5. Bg2 Ngf6 6. Nc3 O-O 7. O-O e5 8. e4 exd4 9. Nxd4 Re8 10. h3 a6 11. Re1 Rb8 12. Bf4 Ne5 13. b3 c5 14. Nf3 Nfd7 15. Nxe5 Nxe5 16. Qd2 Qa5 17. Rac1 b5 18. cxb5 axb5 19. Red1 Be6 20. Qxd6 Rbd8 21. Qxc5 Rxd1+ 22. Nxd1 Nd3 23. Qc6 Rf8 24. b4 Qxb4 0-1

[Event "2nd Serbia Open Masters 2022"]
[Site "Novi Sad"]
[Date "2022.07.04"]
[Round "7.24"]
[White "Damjanovic, Vuk"]
[Black "Fernandez, Daniel Howard"]
[Result "1/2-1/2"]
[WhiteElo "2393"]
[BlackElo "2503"]
[Annotator "TA"]
[PlyCount "116"]
[EventDate "2022.06.28"]
[EventType "swiss"]
[EventCountry "SRB"]
[SourceTitle "playchess.com"]
[Source "ChessBase"]
[SourceQuality "1"]

1. d4 Nf6 2. Nc3 d5 3. Bf4 Nh5 4. Be5 f6 5. Bg3 g6 6. Nf3 c6 7. e3 Bg7 8. Bh4 Qb6 9. Na4 Qc7 10. h3 f5 11. Be2 Nf6 12. Nc5 Ne4 13. Nxe4 dxe4 14. Bg3 Qa5+ 15. Nd2 e5 16. c3 Be6 17. Bc4 Bd5 18. dxe5 Qc5 19. Bxd5 Qxd5 20. Qb3 Nd7 21. Qxd5 cxd5 22. f4 a5 23. Nb3 a4 24. Nd4 Nb6 25. Ke2 Kd7 26. Bh4 h5 27. b3 Ra6 28. g4 hxg4 29. hxg4 axb3 30. Nxb3 Na4 31. gxf5 gxf5 32. Nd4 Nxc3+ 33. Kd2 Nxa2 34. Nxf5 Bf8 35. Bf6 Bb4+ 36. Ke2 Nc1+ 37. Rhxc1 Rh2+ 38. Kf1 Rxa1 39. Rxa1 Rh1+ 40. Kg2 Rxa1 41. Nd4 Ra6 42. f5 Rxf6 43. exf6 Bd6 44. Ne6 Ke8 45. f7+ Kxf7 46. Nd8+ Kf6 47. Nxb7 Bb4 48. Nd8 Kxf5 49. Nc6 Bc3 50. Ne7+ Ke6 51. Ng6 Bf6 52. Nf4+ Ke5 53. Ne2 Kd6 54. Kf1 Be5 55. Ke1 Kc5 56. Kd2 Kc4 57. Kc2 Bc7 58. Nd4 Bb6 1/2-1/2

[Event "2nd Serbia Open Masters 2022"]
[Site "Novi Sad"]
[Date "2022.07.04"]
[Round "7.25"]
[White "Song, Raymond"]
[Black "Erdogmus, Yagiz Kaan"]
[Result "*"]
[WhiteElo "2485"]
[BlackElo "2383"]
[Annotator "TA"]
[PlyCount "43"]
[EventDate "2022.06.28"]
[EventType "swiss"]
[EventCountry "SRB"]
[SourceTitle "playchess.com"]
[Source "ChessBase"]
[SourceQuality "1"]

1. d4 Nf6 2. c4 g6 3. g3 c6 4. Bg2 d5 5. Qa4 Nfd7 6. cxd5 Nb6 7. Qd1 cxd5 8. a4 Nc6 9. Nc3 Bg7 10. e3 a5 11. Nge2 Bf5 12. O-O Nb4 13. Nf4 e6 14. Na2 Bc2 15. Qd2 Bxa4 16. Nxb4 axb4 17. Qxb4 Bf8 18. Qc3 Rc8 19. Qa5 Ra8 20. Qc3 Rc8 21. Qa5 Ra8 22. Qc3 *

[Event "2nd Serbia Open Masters 2022"]
[Site "Novi Sad"]
[Date "2022.07.04"]
[Round "7.26"]
[White "Arjun Kalyan"]
[Black "Narva, Mai"]
[Result "1-0"]
[WhiteElo "2477"]
[BlackElo "2385"]
[Annotator "ChessBase"]
[PlyCount "55"]
[EventDate "2022.06.28"]
[EventType "swiss"]
[EventCountry "SRB"]
[SourceTitle "playchess.com"]
[Source "ChessBase"]
[SourceQuality "1"]

1. e4 c5 2. Nf3 e6 3. d4 cxd4 4. Nxd4 a6 5. Bd3 Bc5 6. Nb3 Ba7 7. Qe2 Ne7 8. Be3 O-O 9. Bxa7 Rxa7 10. Qe3 Nbc6 11. Nc3 b5 12. O-O-O b4 13. Na4 Qc7 14. f4 f5 15. Rhf1 a5 16. exf5 Nxf5 17. Qh3 g6 18. g4 Nfe7 19. f5 exf5 20. gxf5 Nxf5 21. Bxf5 Rxf5 22. Rxf5 d6 23. Rg1 Ne7 24. Nd4 Nxf5 25. Nxf5 d5 26. Ne7+ Qxe7 27. Qxc8+ Kg7 28. Qc5 1-0

[Event "2nd Serbia Open Masters 2022"]
[Site "Novi Sad"]
[Date "2022.07.04"]
[Round "7.27"]
[White "Bronstein, Or"]
[Black "Ohanyan, Emin"]
[Result "0-1"]
[WhiteElo "2492"]
[BlackElo "2366"]
[Annotator "TA"]
[PlyCount "111"]
[EventDate "2022.06.28"]
[EventType "swiss"]
[EventCountry "SRB"]
[SourceTitle "playchess.com"]
[Source "ChessBase"]
[SourceQuality "1"]

1. d4 Nf6 2. c4 e6 3. Nf3 d5 4. g3 dxc4 5. Bg2 a6 6. O-O Nc6 7. Nc3 Rb8 8. e4 Be7 9. Qe2 b5 10. Rd1 O-O 11. d5 exd5 12. e5 d4 13. exf6 Bxf6 14. Qe4 Bb7 15. Qg4 Nb4 16. Nxd4 h5 17. Qf5 Bxd4 18. Bxb7 Rxb7 19. Qe4 Bxf2+ 20. Kxf2 Qc8 21. Nd5 c5 22. Ne7+ Rxe7 23. Qxe7 Nd3+ 24. Rxd3 cxd3 25. Be3 c4 26. Qe5 Re8 27. Qxh5 b4 28. Qd5 Rd8 29. Qe4 c3 30. Qxb4 d2 31. Rd1 Qf5+ 32. Qf4 Qc2 33. Qc7 Re8 34. Rxd2 Qf5+ 35. Qf4 cxd2 36. Bxd2 Qd3 37. Bc3 Re2+ 38. Kg1 Qb1+ 39. Qf1 Qxf1+ 40. Kxf1 Rxh2 41. a4 f6 42. Bd4 Rd2 43. Bc3 Rc2 44. a5 Kf7 45. Bd4 Ke6 46. b4 Kd5 47. Be3 Kc4 48. Bc5 f5 49. Ke1 Rb2 50. Bf8 g6 51. Bd6 Rxb4 52. Ke2 Rb3 53. Kf2 Kd5 54. Bc7 Ke4 55. Kg2 g5 56. Kh2 0-1

[Event "2nd Serbia Open Masters 2022"]
[Site "Novi Sad"]
[Date "2022.07.04"]
[Round "7.28"]
[White "Janzelj, Tim"]
[Black "Shahil Dey"]
[Result "0-1"]
[WhiteElo "2470"]
[BlackElo "2369"]
[Annotator "TA"]
[PlyCount "56"]
[EventDate "2022.06.28"]
[EventType "swiss"]
[EventCountry "SRB"]
[SourceTitle "playchess.com"]
[Source "ChessBase"]
[SourceQuality "1"]

1. d4 d5 2. c4 c6 3. Nf3 Nf6 4. Qb3 e6 5. Bg5 Be7 6. e3 Nbd7 7. Nc3 h6 8. Bh4 O-O 9. Rc1 a5 10. a4 Bb4 11. Bd3 g5 12. Bg3 Nh5 13. O-O Nxg3 14. fxg3 g4 15. Nh4 Be7 16. cxd5 cxd5 17. e4 Bg5 18. Rce1 Qb6 19. Nb5 dxe4 20. Rxe4 Nf6 21. Re5 Bd7 22. Kh1 Rad8 23. Bc4 Bxb5 24. Rxb5 Qxd4 25. Bxe6 Bxh4 26. Rxb7 fxe6 27. Qxe6+ Kh8 28. Qe7 Nd7 0-1